niemieckie nazwy najważniejszych ulic we Wrocławiu - Statystyki

Ogólne statystyki
  • Ten quiz został rozwiązany 9 razy
  • Średni wynik to 6 z 21
Statystyki odpowiedzi
obecnie niemiecki % Poprawnych
Legnicka Friedrich Wilhelm Strasse
75%
Piłsudskiego Garten Strasse
75%
Plac Dominikański Dominikaner Platz
50%
Powstańców Śląskich Kaiser Wilhelm Strasse
50%
Świdnicka Schweidnitzer Strasse
50%
Plac Legionów Sonnen Platz
50%
Borowska Bohrauer Strasse
25%
Pułaskiego Brüder Strasse
25%
Grabiszyńska Gräbschener Strasse
25%
Hubska Huben Strasse
25%
Traugutta Kloster Strasse
25%
Jedności Narodowej Matthias Strasse
25%
Podwale Stadgraben
25%
Sienkiewicza Stern Strasse
25%
Kościuszki Tauentzien Strasse
25%
Plac Jana Pawła II Königsplatz
0%
Hallera Kürassier Strasse
0%
Ślężna Lohe Strasse
0%
Nowowiejska Michaelis Strasse
0%
Pomorska Rosenthaler Strasse
0%
Karkonoska Sudetenland Strasse
0%
Nie znaleziono quizów pasujących do podanych kryteriów
Rozkład punktacji
Procent ludzi z każdym wynikiem
Percentyl według liczby udzielonych odpowiedzi
Twoja historia wyników
Nie rozwiązałeś tego quizu